Chili, the United States and Spain; a series of lectures, speeches, editorials articles, and other publications, on the position assumed by the Republic of Chile in the pending war with Spain. Considered under the light of the Present foreign policy of the United States, by Daniel J. Hunter
Saved in:
| Hovedforfatter: | |
|---|---|
| Format: | Bog |
| Sprog: | engelsk |
| Udgivet: |
Nueva York
S. Hallet
1866
|
| Udgivelse: | 1a. ed |
| Fag: | |
| Tags: |
Tilføj Tag
Ingen Tags, Vær først til at tagge denne postø!
|
MARC
| LEADER | 00000nam a2200000 a 4500 | ||
|---|---|---|---|
| 001 | UCJ5110 | ||
| 003 | CL-VaPUC | ||
| 008 | 070124e18660000US |||||||||||||||||eng|d | ||
| 082 | 0 | 4 | |a 983 |b HUN |2 21 |
| 100 | |a Hunter, Daniel J |e author |9 509903 | ||
| 245 | 1 | 0 | |a Chili, the United States and Spain; a series of lectures, speeches, editorials articles, and other publications, on the position assumed by the Republic of Chile in the pending war with Spain. Considered under the light of the Present foreign policy of the United States, by Daniel J. Hunter |
| 246 | 1 | 4 | |a The Monroe doctrine. Grand meeting in the Cooper Institute, january 6, 1866. In defense of the Republics of Chili, Perú, México and Saint Domingo |
| 246 | 1 | 0 | |a Banquet given to the representatives of the press of New York, and to the Members of the Diplomatic Corps of South America resident in this city |
| 246 | 1 | 4 | |a The Union League Club. Remarks of B. Vicuña Mackenna on the Telegraph of South America |
| 250 | |a 1a. ed | ||
| 300 | |a 128 p | ||
| 942 | |c BK | ||
| 945 | |d 20070124 00:00:00 |a rinostro | ||
| 260 | |a Nueva York |b S. Hallet |c 1866 | ||
| 500 | |a Empastado junto a otros títulos en un volumen rotulado Chili and Spain, 1866; ubicación 983 HUN | ||
| 600 | 0 | 7 | |a DOCTRINA MONROE |2 CL-VaPUC |9 509904 |
| 600 | 0 | |a Vicuña Mackenna, Benjamín, |d 1831-1886 |x Político e historiador |z Chile |9 374 | |
| 650 | 7 | |a GUERRA CON ESPAÑA |2 CL-VaPUC |9 504456 | |
| 650 | 0 | |a Diplomacia |9 256483 | |
| 650 | 0 | |a Prensa y periodismo |z Chile |9 504409 | |
| 650 | 0 | |a Historia de Chile |9 265473 | |
| 651 | 7 | |a CHILE |2 CL-VaPUC |9 509905 | |
| 651 | 0 | |a Perú |9 256567 | |
| 651 | 0 | |a México |9 255269 | |
| 651 | 7 | |a SANTO DOMINGO |2 CL-VaPUC |9 406842 | |
| 583 | |a last modification |c 20070124 00:00:00 |k Rodrigo Vera | ||
| 999 | |c 321223 |d 321221 | ||
| 952 | |0 0 |1 0 |4 0 |6 983_000000000000000_HUN_1866 |7 0 |8 X |9 399916 |a FDOBUD |b FDOBUD |d 2019-11-22 |i 1030205 |o 983 HUN 1866 |p 1030205 |r 2019-11-22 |w 2019-11-22 |y BK_X |k BUD | ||